| Tag |
First Indicator |
Second Indicator |
Subfields |
| LEADER |
00000cam a2200000 a 4500 |
| 001 |
in00000071008 |
| 005 |
20151008062017.0 |
| 008 |
780920s1977 ne b 00000 engm |
| 010 |
|
|
|a 78367672
|
| 015 |
|
|
|a Ne78-17
|
| 020 |
|
|
|a 9004056467 :
|c fl 60.00
|
| 035 |
|
|
|a (OCoLC)04503397
|
| 035 |
|
|
|9 AAJ9327AM
|
| 040 |
|
|
|a DLC
|c DLC
|d OCL
|d TXA
|d UtOrBLW
|
| 043 |
|
|
|a f------
|
| 049 |
|
|
|a TXAM
|c 1 [800447], 2 [A08948055]
|
| 050 |
0 |
0 |
|a DT21.5
|b .W37
|
| 082 |
0 |
|
|a 355.02/2/096
|
| 245 |
0 |
4 |
|a The Warrior tradition in modern Africa /
|c edited by Ali A. Mazrui.
|
| 264 |
|
1 |
|a Leiden :
|b Brill,
|c 1977.
|
| 300 |
|
|
|a 260 pages ;
|c 25 cm.
|
| 336 |
|
|
|a text
|b txt
|2 rdacontent
|
| 337 |
|
|
|a unmediated
|b n
|2 rdamedia
|
| 338 |
|
|
|a volume
|b nc
|2 rdacarrier
|
| 490 |
1 |
|
|a International studies in sociology and social anthropology ;
|v v. 23
|
| 504 |
|
|
|a Includes bibliographical references.
|
| 650 |
|
0 |
|a War and society
|z Africa.
|
| 650 |
|
0 |
|a Military art and science.
|
| 650 |
|
0 |
|a Violence
|z Africa.
|
| 651 |
|
0 |
|a Africa
|x History, Military.
|
| 700 |
1 |
|
|a Mazrui, Ali AlʼAmin.
|
| 830 |
|
0 |
|a International studies in sociology and social anthropology ;
|v v. 23.
|
| 999 |
|
|
|a MARS
|
| 999 |
f |
f |
|s fb38ba08-ee4b-3791-a337-c9c42ab3fa4e
|i 7ba461e6-b0ed-3adf-a834-bd6695b3a4a0
|t 0
|
| 952 |
f |
f |
|p normal
|a Texas A&M University
|b College Station
|c Sterling C. Evans Library
|d Evans: Library Stacks
|t 0
|e DT21.5 .W37
|h Library of Congress classification
|i unmediated -- volume
|m A14808948055
|
| 998 |
f |
f |
|a DT21.5 .W37
|t 0
|l Evans: Library Stacks
|